000
00285nam a2200109Ia 4500
008
200302s9999 xx 000 0 und d
100
_a
Philip Jodidio
245
_a
Piano Renzo Piano Building Workshop 1966 to today
260
_b
Taschen Verlog Gmbh
260
_c
2008
300
_a
528 P.,
999
_c
2996
_d
2996